Japan's balance of payments and exchange rate problems

保存先:
書誌詳細
フォーマット: 図書
言語:Undetermined
出版事項: Japan Ministry of Foreign Affairs
主題:
タグ: タグ追加
タグなし, このレコードへの初めてのタグを付けませんか!
Thư viện lưu trữ: Trung tâm Học liệu Trường Đại học Cần Thơ
LEADER 00423nam a2200145Ia 4500
001 CTU_97412
008 210402s9999 xx 000 0 und d
082 |a 382 
082 |b J35 
245 0 |a Japan's balance of payments and exchange rate problems 
260 |a Japan 
260 |b Ministry of Foreign Affairs 
650 |a Balance of payments 
904 |i Tuyến 
980 |a Trung tâm Học liệu Trường Đại học Cần Thơ